|
|
|
|
| LEADER |
03190nam a22005295i 4500 |
| 001 |
978-3-319-25631-3 |
| 003 |
DE-He213 |
| 005 |
20151208175919.0 |
| 007 |
cr nn 008mamaa |
| 008 |
151208s2015 gw | s |||| 0|eng d |
| 020 |
|
|
|a 9783319256313
|9 978-3-319-25631-3
|
| 024 |
7 |
|
|a 10.1007/978-3-319-25631-3
|2 doi
|
| 040 |
|
|
|d GrThAP
|
| 050 |
|
4 |
|a TK5105.5-5105.9
|
| 072 |
|
7 |
|a UKN
|2 bicssc
|
| 072 |
|
7 |
|a COM075000
|2 bisacsh
|
| 082 |
0 |
4 |
|a 004.6
|2 23
|
| 100 |
1 |
|
|a Pan, Miao.
|e author.
|
| 245 |
1 |
0 |
|a Spectrum Trading in Multi-Hop Cognitive Radio Networks
|h [electronic resource] /
|c by Miao Pan, Ming Li, Pan Li, Yuguang Fang.
|
| 250 |
|
|
|a 1st ed. 2015.
|
| 264 |
|
1 |
|a Cham :
|b Springer International Publishing :
|b Imprint: Springer,
|c 2015.
|
| 300 |
|
|
|a XI, 59 p. 10 illus., 5 illus. in color.
|b online resource.
|
| 336 |
|
|
|a text
|b txt
|2 rdacontent
|
| 337 |
|
|
|a computer
|b c
|2 rdamedia
|
| 338 |
|
|
|a online resource
|b cr
|2 rdacarrier
|
| 347 |
|
|
|a text file
|b PDF
|2 rda
|
| 490 |
1 |
|
|a SpringerBriefs in Electrical and Computer Engineering,
|x 2191-8112
|
| 505 |
0 |
|
|a The Network Architecture for Spectrum Trading -- Economic-Robust Transmission Opportunity Based Spectrum Trading -- A Session Based Spectrum Trading System under Uncertain Spectrum Supply -- Economic-Robust Session Based Spectrum Trading.
|
| 520 |
|
|
|a This SpringerBrief focuses on spectrum trading designs in multi-hop cognitive radio networks. It starts with the motivation for spectrum trading and the review of existing spectrum trading designs. Then, it presents a novel CRN architecture for spectrum trading considering spectrum trading’s economic features and wireless nature. Under this network architecture, it extends current single-hop per-user based spectrum trading design into a multi-hop transmission opportunity based one, and further into a session based one, while having economic properties guaranteed. This SpringerBrief not only provides a good review of current spectrum trading designs, it also touches on the cutting-edge interdisciplinary spectrum trading research on disparate fields of modeling, network architecture design, optimization theories, statistics, and economic theories. Advanced-level students studying computer science, electrical and computer engineering and economics, wireless network planners, and wireless spectrum engineers will find this book a useful tool.
|
| 650 |
|
0 |
|a Computer science.
|
| 650 |
|
0 |
|a Computer communication systems.
|
| 650 |
|
0 |
|a Computers.
|
| 650 |
|
0 |
|a Electrical engineering.
|
| 650 |
1 |
4 |
|a Computer Science.
|
| 650 |
2 |
4 |
|a Computer Communication Networks.
|
| 650 |
2 |
4 |
|a Communications Engineering, Networks.
|
| 650 |
2 |
4 |
|a Information Systems and Communication Service.
|
| 700 |
1 |
|
|a Li, Ming.
|e author.
|
| 700 |
1 |
|
|a Li, Pan.
|e author.
|
| 700 |
1 |
|
|a Fang, Yuguang.
|e author.
|
| 710 |
2 |
|
|a SpringerLink (Online service)
|
| 773 |
0 |
|
|t Springer eBooks
|
| 776 |
0 |
8 |
|i Printed edition:
|z 9783319256290
|
| 830 |
|
0 |
|a SpringerBriefs in Electrical and Computer Engineering,
|x 2191-8112
|
| 856 |
4 |
0 |
|u http://dx.doi.org/10.1007/978-3-319-25631-3
|z Full Text via HEAL-Link
|
| 912 |
|
|
|a ZDB-2-SCS
|
| 950 |
|
|
|a Computer Science (Springer-11645)
|